| 000 | 01251nam a2200301 c 4500 | ||
|---|---|---|---|
| 999 |
_c58339 _d58339 |
||
| 003 | BLK | ||
| 005 | 20221118101416.0 | ||
| 008 | 180408b bul|||||r ||||||| ||bul|| | ||
| 010 | _aKNG00062375000 | ||
| 040 | _aBLK | ||
| 041 |
_aRUS _cRUS |
||
| 080 |
_aЛексикология. Езикови речници и разговорници. Лексикография _b81`374 _x=111=161.1 _z81`374=111=161.1 |
||
| 100 | 1 |
_aКунин, Александр Владимирович _eпърви автор _9288237 |
|
| 139 |
_aКунин, Александр Владимирович _bК 93 |
||
| 245 | 1 | 0 |
_aАнгло-русский фразеологический словарь _bОколо 20 000 фразеологических единиц _cАлександр Владимирович Кунин. |
| 246 | 1 | 1 | _aEnglisch-russian phraseological dictionary |
| 250 | _a4. перераб. изд. | ||
| 257 | _aSUN | ||
| 260 |
_bРус. яз. _c1984 |
||
| 300 |
_a942 с. _c27 см |
||
| 380 | _a80 | ||
| 720 |
_aA. V. Kunin _eпаралелен автор |
||
| 852 | _aЦб ІІ 6603 | ||
| 856 | 4 |
_qpdf _i0.00 _ldisable |
|
| 856 | 4 |
_qpdf _i0.00 _ldisable |
|
| 942 |
_cKNG _n0 _s1 |
||
| 944 |
_aCR _c13.06.2004 _kЧиталня |
||
| 944 |
_aED _c13.06.2004 _kГеновева_Генчева |
||
| 999 | _d58339 | ||